| 000 | 00865cam a2200289 a 4500 | ||
|---|---|---|---|
| 999 |
_c174500 _d174500 |
||
| 001 | 17242228 | ||
| 003 | Nust | ||
| 005 | 20180706051243.0 | ||
| 008 | 120404s2010 enk b 001 0 eng | ||
| 010 | _a 2011292796 | ||
| 020 |
_a9780415487368 (pbk.) _cRs. 514 |
||
| 038 | _aArshad | ||
| 040 |
_aDLC _cDLC |
||
| 042 | _apcc | ||
| 050 | 0 | 0 |
_aHC54 _b.R8 2010 |
| 082 |
_a330.9 _bRUS |
||
| 100 | 1 |
_aRussell, Bertrand, _d1872-1970. _91985 |
|
| 245 | 1 | 4 |
_aThe prospects of industrial civilization / _cBertrand Russell. |
| 250 | _aRev. ed. | ||
| 260 |
_aLondon ; _aNew York : _bRoutledge classics, _c2010. |
||
| 300 |
_axxiii, 248 p. ; _c20 cm. |
||
| 504 | _aIncludes bibliographical references and index. | ||
| 650 | 0 |
_aSocialism. _93609 |
|
| 906 |
_a7 _bcbc _corignew _d3 _encip _f20 _gy-gencatlg |
||
| 942 |
_2ddc _cBK |
||